ARRUPE JESUIT UNIVERSITY

CORONAVIRUS -STOP THE SPREAD - CLEAN,DISINFECT,COVER

La sagesse africaine : (Record no. 127762)

MARC details
000 -LEADER
fixed length control field 00713cam a2200217 a 4500
001 - CONTROL NUMBER
control field 3780768
003 - CONTROL NUMBER IDENTIFIER
control field ARRUPE
005 - DATE AND TIME OF LATEST TRANSACTION
control field 20180323113818.0
008 - FIXED-LENGTH DATA ELEMENTS--GENERAL INFORMATION
fixed length control field 840719s1983 fr 000 0 fre
010 ## - LIBRARY OF CONGRESS CONTROL NUMBER
LC control number 83219140
020 ## - INTERNATIONAL STANDARD BOOK NUMBER
International Standard Book Number 285049271X :
Terms of availability 68.00F
040 ## - CATALOGING SOURCE
Original cataloging agency DLC
Transcribing agency DLC
Modifying agency DLC
050 00 - LIBRARY OF CONGRESS CALL NUMBER
Classification number BS2555.2
Item number .M33 1983
082 00 - DEWEY DECIMAL CLASSIFICATION NUMBER
Classification number 226/.06/096
Edition number 19
300 ## - PHYSICAL DESCRIPTION
Dimensions 21 cm.
100 1# - MAIN ENTRY--PERSONAL NAME
Personal name Marcel, Léon.
9 (RLIN) 40927
245 13 - TITLE STATEMENT
Title La sagesse africaine :
Remainder of title ouvertures sur les Evangiles /
Statement of responsibility, etc Léon Marcel.
260 ## - PUBLICATION, DISTRIBUTION, ETC. (IMPRINT)
Place of publication, distribution, etc Paris :
Name of publisher, distributor, etc Editions Saint-Paul,
Date of publication, distribution, etc c1983.
300 ## - PHYSICAL DESCRIPTION
Extent 206 p. ;
630 00 - SUBJECT ADDED ENTRY--UNIFORM TITLE
Uniform title Bible.
Name of part/section of a work Gospels
General subdivision Criticism, interpretation, etc.
9 (RLIN) 40928
906 ## - LOCAL DATA ELEMENT F, LDF (RLIN)
a 7
b cbc
c orignew
d 4
e ncip
f 19
g y-gencatlg
942 ## - ADDED ENTRY ELEMENTS (KOHA)
Source of classification or shelving scheme Library of Congress Classification
Koha item type Monograph ( Printed materials)
Holdings
Withdrawn status Lost status Source of classification or shelving scheme Damaged status Not for loan Collection code Home library Current library Shelving location Date acquired Total Checkouts Full call number Barcode Date last seen Price effective from Koha item type
    Library of Congress Classification     Main Collection ARRUPE LIBRARY ARRUPE LIBRARY Main Collection 23/03/2018   BS2555.2 .M33 1983 46600001855 23/03/2018 23/03/2018 Monograph ( Printed materials)

 

Arrupe Library. PO Box MP320 Mt Pleasant, Harare, Zimbabwe
263 242 745411|librarian@aju.ac.zw